000 01336nam a2200349 i 4500
003 DO-SdBNP
005 20260321073647.0
007 ta
008 260129b2025 dr ||||| |||| 00| 0 spa d
020 _a9789945505283
040 _aDO-SdBNP
_bspa
_cBNPHU
_erda
041 _aspa
082 4 _axxx
_bG934b
_222
100 _aGuerrero, Miguel,
_d1945-
_eautor
_4aut.
_914303
245 1 0 _aBalaguer y Bosch :
_blos grandes rivales de nuestra historia reciente /
_cMiguel Guerrero : prólogo, Milton Ray Guevara.
250 _aPrimera edición
264 _aSanto Domingo, República Dominicana :
_bEditora Centenario,
_c2025.
300 _a257 páginas :
_bilustraciones; fotografías ;
_c23 cm.
336 _atexto
_btxt
_2rdacontent
337 _asin mediación
_bn
_2rdamedia
338 _avolumen
_bnc
_2rdacarrier
500 _aIncluye índice onomástico
500 _aIncluye referencias bibliográficas y notas al pie de las páginas
590 _aInventariado, 2026 /LP
600 1 0 _a Balaguer, Joaquín,
_d1906-2002
600 1 0 _a Bosch, Juan,
_d1909-2001
_976555
650 7 _aPolíticos
_zRepública Dominicana
_91349
651 7 _aRepública Dominicana
_xPolítica y gobierno
_xHistoria
_v1961-
_2LIBRUNAM
_988960
700 1 _aRay Guevara, Milton,
_eprologuista
_4pr.
_988926
910 _aLP
942 _2ddc
_cLBS1
999 _c60165
_d60165